Maires des 10 plus grandes villes de France - Statistiques

Statistiques générales
  • Ce quiz a été pris 88 fois
  • Le résultat moyen est 4 sur 10
Statistiques - réponses
Hint Réponse % Correct
Paris Anne Hidalgo
98%
Lille Martine Aubry
69%
Nice Christian Estrosi
63%
Lyon Grégory Doucet
43%
Marseille Benoît Payan
39%
Nantes Johanna Rolland
39%
Toulouse Jean-Luc Moudenc
31%
Strasbourg Jeanne Barseghian
24%
Montepellier Michaël Delafosse
21%
Bordeaux Pierre Hormis
0%
Aucun quiz correspondant
Distribution des résultats
% des personnes avec chaque résultat
Percentile par nombre de réponses
Votre historique - résultats
Vous n’avez pas pris ce quiz